[Event "Steyr op"]
[Site "Steyr"]
[Date "2012.08.27"]
[Round "1"]
[White "Fuerst, Christoph"]
[Black "Wiesinger, Johann"]
[Result "0-1"]
[WhiteElo "1275"]
[BlackElo "1839"]
[PlyCount "54"]
[EventDate "2012.08.27"]
[EventType "swiss"]
[EventRounds "7"]
[EventCountry "AUT"]
[SourceTitle "CBM 150 Extra"]
[Source "ChessBase"]
[SourceDate "2012.10.19"]
[SourceVersion "1"]
[SourceVersionDate "2012.10.19"]
[SourceQuality "1"]

1. d4 f5 2. Bf4 Nf6 3. Nf3 g6 4. Nc3 Bg7 5. e3 0-0 6. Bc4+ d5 7. Bb3 c6 8. Qd3 Kh8 9. 0-0 h6 10. h3 Nbd7 11. Rfe1 Re8 12. Rad1 b5 13. Ne2 Kh7 14. h4 Ne4 15. Ne5 a6 16. Nxd7 Bxd7 17. f3 Nf6 18. Ng3 Ng8 19. h5 g5 20. Be5 Bxe5 21. dxe5 c5 22. c3 c4 23. Qc2 cxb3 24. axb3 Qc7 25. Ne2 Kh8 26. e4 dxe4 27. fxe4 f4 0-1